10 Closest US Capitals to Ottawa Quiz Stats

Quiz Updated Sep 24, 2015

Challenge
Share
Tweet
Embed
Score 0/10 Timer 03:00
2 Plays Today
US Capital % Correct
Albany, NY
97.5%
Boston, MA
91.9%
Montpelier, VT
85.8%
Augusta, ME
85.7%
Providence, RI
84.6%
Harrisburg, PA
84%
Hartford, CT
82.5%
Concord, NH
81.9%
Trenton, NJ
79.9%
Dover, DE
75.5%

You're not logged in!

Compare scores with friends on all Sporcle quizzes.
Join for Free
OR
Log In

You Might Also Like...

Show Comments

Extras

Top Quizzes Today


Score Distribution

Your Account Isn't Verified!

In order to create a playlist on Sporcle, you need to verify the email address you used during registration. Go to your Sporcle Settings to finish the process.

Report this User

Report this user for behavior that violates our Community Guidelines.

Details: